| 000 | 01085cam a2200241Ki 4500 | ||
|---|---|---|---|
| 001 | reunioninreno00warr | ||
| 003 | CaSfIA | ||
| 005 | 20210118215130.0 | ||
| 007 | cr|||| | ||
| 008 | 860401s1941 nyu 000 1 eng d | ||
| 040 |
_aCLU _cCLU _dOCLCG _dCaSfIA |
||
| 035 | _a(OCoLC)13369947 | ||
| 050 | 4 |
_aPR6013 _b.G854r |
|
| 100 | 1 |
_aGreig, Maysie, _d1902-1971. |
|
| 245 | 1 | 0 |
_aReunion in Reno / _h[electronic resource] _cby Mary Douglas Warren [pseud.]. |
| 260 |
_aNew York : _bCarlton House, _c1941. |
||
| 300 | _a303 p. | ||
| 856 | 4 | 1 |
_uhttp://www.archive.org/details/reunioninreno00warr _zFree eBook from the Internet Archive |
| 856 | 4 | 2 |
_uhttp://www.openlibrary.org/books/OL24440556M _zAdditional information and access via Open Library |
| 942 | _cEB | ||
| 506 | _fНеобхідна авторизація на https://archive.org/ (створення облікового запису безкоштовно) | ||
| 506 | _fНеобхідна авторизація на https://openlibrary.org/ (створення облікового запису безкоштовно) | ||
| 999 |
_c543467 _d543467 |
||